000
00320nam a22001457a 4500
020
_a
1-844428-121-3
082
_a
823
_b
CRE/N
100
_a
CREBBIN, JUNE
245
_a
NO TIGHTS FOR GEORGE
260
_a
LONDON
_b
WALKER BOOKS LTD
_c
2005
300
_a
56
520
_a
SHORT STORY
650
_a
SHORT STORY
942
_c
BK
999
_c
5794
_d
5794